A memorial and biographical history of McLennan, Falls, Bell and Coryell Counties, Texas : containing a history of this important section of the great state of Texas, from the earliest period of its occupancy to the present time, together with glimpses of its future prospects : also biographical mention of many of the pioneers and prominent citizens of the present time, and full-page portraits of some of the most eminent men of this section.

Bibliographic Details
Format: Book
Language:English
Published: St. Louis, Mo. : Ingmire Publications ; [1984]
Subjects:

MARC

Tag First Indicator Second Indicator Subfields
LEADER 00000cam a2200000 a 4500
001 in00000552174
005 20190207094552.0
008 841016r19841893mouac 00100ceng d
035 |a (OCoLC)11272462 
035 |9 ACJ5847AM 
040 |a IKM  |c IKM  |d TXA  |d UtOrBLW 
049 |a TXAS  |c [1703339] 
090 |a F385  |b .M3 1984 
092 0 |a 976.4284  |b M519  |2 19 
245 0 2 |a A memorial and biographical history of McLennan, Falls, Bell and Coryell Counties, Texas :  |b containing a history of this important section of the great state of Texas, from the earliest period of its occupancy to the present time, together with glimpses of its future prospects : also biographical mention of many of the pioneers and prominent citizens of the present time, and full-page portraits of some of the most eminent men of this section. 
264 1 |a St. Louis, Mo. :  |b Ingmire Publications ;  |c [1984] 
264 2 |a Nacogdoches, TX :  |b Distributed by Ericson Books, 
264 4 |c ©1984 
300 |a 1088 pages :  |b illustrations, portraits ;  |c 29 cm. 
336 |a text  |b txt  |2 rdacontent 
337 |a unmediated  |b n  |2 rdamedia 
338 |a volume  |b nc  |2 rdacarrier 
500 |a The Cushing Library/Chapman Texas Collection copy is part of the Floyd & Louise Chapman Texas & Borderlands Collection.  |5 TXA 
500 |a "New material ... by Frances T. Ingmire & Carolyn R. Ericson." 
500 |a Originally published: Chicago : Lewis Pub. Co., 1893. 
500 |a Includes index. 
651 0 |a McLennan County (Tex.)  |x History. 
651 0 |a McLennan County (Tex.)  |x Biography. 
651 0 |a Falls County (Tex.)  |x History. 
651 0 |a Falls County (Tex.)  |x Biography. 
651 0 |a Bell County (Tex.)  |x History. 
651 0 |a Bell County (Tex.)  |x Biography. 
651 0 |a Coryell County (Tex.)  |x History. 
651 0 |a Coryell County (Tex.)  |x Biography. 
999 |a MARS 
999 f f |s 9499a862-b8bf-354c-9e65-66de7804602a  |i b3d0917f-0234-3ed2-b8cf-54861b4fceb5  |t 0 
952 f f |p noncirc  |a Texas A&M University  |b College Station  |c Cushing Memorial Library & Archives  |d Cushing: Chapman Texas Collection (Does not check out)  |t 0  |e F385 .M3 1984  |h Library of Congress classification  |i unmediated -- volume  |m A14808295347 
998 f f |a F385 .M3 1984  |t 0  |l Cushing: Chapman Texas Collection (Does not check out)